আভিজাত্যে সিলেটী সমাজ/ (Record no. 18071)

MARC details
000 -LEADER
fixed length control field 00928nam a22002177a 4500
003 - CONTROL NUMBER IDENTIFIER
control field BDDh-ASL
005 - DATE AND TIME OF LATEST TRANSACTION
control field 20231015025658.0
008 - FIXED-LENGTH DATA ELEMENTS--GENERAL INFORMATION
fixed length control field 200917b2010 ||||| b||| 00| 0 d
020 ## - INTERNATIONAL STANDARD BOOK NUMBER
International Standard Book Number 9789848922019
040 ## - CATALOGING SOURCE
Original cataloging agency BDDh-ASL
Transcribing agency BDDh-ASL
Modifying agency BDDh-ASL
041 ## - LANGUAGE CODE
Language code of text/sound track or separate title bengali
082 ## - DEWEY DECIMAL CLASSIFICATION NUMBER
Classification number 301.5492
Item number AKA
100 1# - MAIN ENTRY--PERSONAL NAME
Personal name আকবর, হারূন
9 (RLIN) 903
245 1# - TITLE STATEMENT
Title আভিজাত্যে সিলেটী সমাজ/
Statement of responsibility, etc. হারূন আকবর।
246 ## - VARYING FORM OF TITLE
Title proper/short title Avijattay Sylheti Somaj.
260 ## - PUBLICATION, DISTRIBUTION, ETC.
Place of publication, distribution, etc. সিলেট:
Name of publisher, distributor, etc. জালালাবাদ লোকসাহিত্য পরিষদ,
Date of publication, distribution, etc. ২০১০।
300 ## - PHYSICAL DESCRIPTION
Extent ১৮৩ পৃষ্ঠা:
Other physical details ছবি;
Dimensions ২২ সে. মি.।
504 ## - BIBLIOGRAPHY, ETC. NOTE
Bibliography, etc. note গ্রন্থপঞ্জি সংযুক্ত।
650 #0 - SUBJECT ADDED ENTRY--TOPICAL TERM
9 (RLIN) 904
Topical term or geographic name entry element আভিজাত শ্রেণী
General subdivision সিলেটী সমাজ ব্যবস্থা
942 ## - ADDED ENTRY ELEMENTS (KOHA)
Source of classification or shelving scheme Dewey Decimal Classification
Koha item type Books
Holdings
Withdrawn status Lost status Source of classification or shelving scheme Damaged status Not for loan Collection code Home library Current library Shelving location Date acquired Source of acquisition Total Checkouts Full call number Barcode Date last seen Copy number Price effective from Koha item type
    Dewey Decimal Classification     Non-fiction Asiatic Society Library Asiatic Society Library General Stacks 09/17/2020 Complementary   301.5492 AKA 101228 09/17/2020 C-1 09/17/2020 Books

Powered by Koha